Two worlds. (Record no. 14193)

000 -LEADER
fixed length control field 00546nam a2200181 a 4500
001 - CONTROL NUMBER
control field :::00012018$&:&@@
003 - CONTROL NUMBER IDENTIFIER
control field OkBaRHE
005 - DATE AND TIME OF LATEST TRANSACTION
control field 20000607103415.0
008 - FIXED-LENGTH DATA ELEMENTS--GENERAL INFORMATION
fixed length control field s1946 j 000 0 eng u
040 ## - CATALOGING SOURCE
Transcribing agency
100 1# - MAIN ENTRY--PERSONAL NAME
Personal name Price, Charles Sydney, 1887-1947.
245 10 - TITLE STATEMENT
Title Two worlds.
260 ## - PUBLICATION, DISTRIBUTION, ETC. (IMPRINT)
Place of publication, distribution, etc Plainfield, NJ., :
Name of publisher, distributor, etc Logos International
Date of publication, distribution, etc 1946
300 ## - PHYSICAL DESCRIPTION
Extent 173 p. ;
Dimensions 20 cm.
650 ## - SUBJECT ADDED ENTRY--TOPICAL TERM
Topical term or geographic name as entry element Pentecostalism
942 ## - ADDED ENTRY ELEMENTS (KOHA)
Source of classification or shelving scheme
Koha item type Books
Copies
Full call number Withdrawn status Copy number Barcode Permanent Location Lost status Source of classification or shelving scheme Not for loan Date last seen Shelving location Koha item type Price effective from Damaged status Date acquired
BX 8764 .Z6P7T83 112018RHEMA Bible Training College   2010-04-14General StacksBooks2010-04-14 2010-04-14